[Event "Berks & Bucks op"]
[Site "Maidenhead"]
[Date "2022.08.28"]
[Round "3"]
[White "Wager, John D"]
[Black "Holmes, Matthew A"]
[Result "1-0"]
[WhiteElo "2041"]
[BlackElo "1631"]
[PlyCount "75"]
[EventDate "2022.08.27"]
[EventType "swiss"]
[EventRounds "6"]
[EventCountry "ENG"]
[SourceTitle "CBM 210 Extra"]
[Source "ChessBase"]
[SourceDate "2022.11.30"]
[SourceVersion "1"]
[SourceVersionDate "2022.11.30"]
[SourceQuality "1"]

1. Nf3 d5 2. b3 c5 3. Bb2 Nc6 4. e3 Nf6 5. Be2 d4 6. 0-0 e5 7. a4 Be7 8. Na3 0-0 9. Nc4 Qc7 10. d3 Nd5 11. Re1 Be6 12. Bf1 Bf6 13. e4 Nf4 14. Bc1 Bg4 15. h3 Bh5 16. g3 Ne6 17. Be2 b6 18. Nxd4 Nexd4 19. Bxh5 Nb4 20. c3 Ndc2 21. cxb4 Nxa1 22. Bb2 Nxb3 23. Qxb3 g6 24. Be2 b5 25. axb5 Rfb8 26. bxc5 Qxc5 27. Ba3 Rxb5 28. Qa4 Qc6 29. Ne3 Qb7 30. Nd5 Bg5 31. Kg2 Kg7 32. h4 Bd2 33. Rd1 Ra5 34. Qc2 Rxa3 35. Qxd2 h6 36. Rc1 Rc8 37. Rxc8 Qxc8 38. Qb2 1-0

[Event "Maidenhead op"]
[Site "Maidenhead"]
[Date "2019.08.24"]
[Round "2"]
[White "Fathallah, Joe"]
[Black "Wager, John D"]
[Result "1/2-1/2"]
[WhiteElo "1952"]
[BlackElo "2014"]
[PlyCount "61"]
[EventDate "2019.08.24"]
[EventType "swiss"]
[EventRounds "6"]
[EventCountry "ENG"]
[SourceTitle "EXT 2020"]
[Source "ChessBase"]
[SourceDate "2019.10.17"]
[SourceVersion "1"]
[SourceVersionDate "2019.10.17"]
[SourceQuality "1"]

1. d4 d5 2. c4 c6 3. Nc3 Nf6 4. Nf3 a6 5. c5 Bf5 6. Qb3 Ra7 7. Bf4 Nbd7 8. h3 h6 9. e3 g5 10. Bg3 Bg7 11. Be2 0-0 12. 0-0 Ne4 13. Nxe4 Bxe4 14. Rac1 e5 15. Nxe5 Nxe5 16. Bxe5 Bxe5 17. dxe5 Qe7 18. Qc3 Raa8 19. Bh5 Rae8 20. f3 Bg6 21. Bxg6 fxg6 22. f4 Rf7 23. Qd4 Ref8 24. fxg5 hxg5 25. Rf6 Rxf6 26. exf6 Qxf6 27. Qxf6 Rxf6 28. Rc3 Kg7 29. Rb3 Rf7 30. Rb4 Kf6 31. Kf2 1/2-1/2

[Event "GBR-ch 65+ 106th"]
[Site "Torquay"]
[Date "2019.08.02"]
[Round "5.3"]
[White "Friedgood, David"]
[Black "Wager, John D"]
[Result "1-0"]
[WhiteElo "2177"]
[BlackElo "2014"]
[PlyCount "101"]
[EventDate "2019.07.29"]
[EventType "swiss"]
[EventRounds "7"]
[EventCountry "ENG"]
[SourceTitle "EXT 2021"]
[Source "ChessBase"]
[SourceDate "2020.10.23"]
[SourceVersion "1"]
[SourceVersionDate "2020.10.23"]
[SourceQuality "1"]

1. c4 Nf6 2. Nc3 g6 3. e4 d6 4. d4 Bg7 5. Be2 0-0 6. Bg5 h6 7. Be3 e5 8. d5 Nbd7 9. Qd2 Kh7 10. f3 a5 11. g4 Ng8 12. h4 b6 13. h5 g5 14. Bd3 Nc5 15. Bc2 Bd7 16. b3 Qe7 17. Nge2 Rfb8 18. Nb5 Bxb5 19. cxb5 Qd7 20. Nc3 Bf6 21. Kf2 Kg7 22. a3 Bd8 23. b4 Nb7 24. Bd3 f6 25. Rhb1 Ne7 26. Ne2 axb4 27. axb4 Rxa1 28. Rxa1 Qc8 29. Rc1 Qd7 30. Ra1 Qc8 31. Ra6 Kf8 32. Ng3 Kf7 33. Qc3 Kf8 34. Ke2 Kf7 35. Kd2 Kf8 36. Ra7 Kf7 37. Nf5 Nxf5 38. exf5 Ra8 39. Ra6 Ke7 40. Qc6 Qb8 41. Qc2 Qc8 42. Kd1 Rb8 43. Ke2 Ra8 44. Kf2 Rb8 45. Be2 Ra8 46. Qa2 Rb8 47. Ra7 Ke8 48. Qc2 Be7 49. Bxb6 Bd8 50. Qc6+ Kf8 51. Be3 1-0

[Event "GBR-ch 65+ 106th"]
[Site "Torquay"]
[Date "2019.07.31"]
[Round "3"]
[White "Wager, John D"]
[Black "Marshall, Michael"]
[Result "1-0"]
[WhiteElo "2014"]
[BlackElo "1885"]
[PlyCount "78"]
[EventDate "2019.07.29"]
[EventType "swiss"]
[EventRounds "7"]
[EventCountry "ENG"]
[SourceTitle "EXT 2020"]
[Source "ChessBase"]
[SourceDate "2019.10.17"]
[SourceVersion "1"]
[SourceVersionDate "2019.10.17"]
[SourceQuality "1"]

1. c4 c5 2. Nf3 Nc6 3. g3 g6 4. Bg2 Bg7 5. 0-0 e6 6. Nc3 Nge7 7. d3 0-0 8. Bd2 a6 9. a3 Rb8 10. Qc1 b5 11. cxb5 axb5 12. Bh6 Nf5 13. Bxg7 Kxg7 14. Ne4 Nfd4 15. Nxd4 Nxd4 16. Re1 f6 17. Qc3 d6 18. b4 Bb7 19. bxc5 dxc5 20. Nxc5 Bc8 21. e3 Nf5 22. d4 Ne7 23. Red1 Qb6 24. Rac1 Nd5 25. Qb3 Rd8 26. e4 Ne7 27. h3 h5 28. Kh2 g5 29. f4 gxf4 30. gxf4 Ng6 31. e5 f5 32. d5 exd5 33. Rg1 h4 34. Bf3 Kh6 35. Be2 d4 36. Qf3 Rh8 37. Qh5+ Kg7 38. Qg5 Rg8 39. e6 Kf8 1-0

[Event "ENG-ch Seniors 65"]
[Site "Solihull"]
[Date "2019.04.07"]
[Round "6"]
[White "Wager, John D"]
[Black "Downham, Alan"]
[Result "1-0"]
[WhiteElo "2007"]
[BlackElo "1967"]
[PlyCount "53"]
[EventDate "2019.04.04"]
[EventType "swiss"]
[EventRounds "6"]
[EventCountry "ENG"]
[SourceTitle "CBM 190 Extra"]
[Source "ChessBase"]
[SourceDate "2019.07.15"]
[SourceVersion "1"]
[SourceVersionDate "2019.07.15"]
[SourceQuality "1"]

1. Nf3 g6 2. d4 Bg7 3. e3 c5 4. c3 Nc6 5. Bd3 d6 6. Nbd2 e6 7. 0-0 Nge7 8. a3 0-0 9. b4 a6 10. Qc2 cxd4 11. cxd4 e5 12. Bb2 Bd7 13. Rac1 Rc8 14. Qb1 f5 15. Qa2+ Kh8 16. Ng5 d5 17. dxe5 Nxe5 18. Qa1 N7c6 19. Rxc6 Rxc6 20. Bxe5 Bf6 21. f4 h6 22. Ngf3 Kh7 23. Nb3 Qc8 24. Bxf6 Rcxf6 25. Nbd4 Qe8 26. Ne5 Qc8 27. Rc1 1-0

[Event "ENG-ch Seniors 65"]
[Site "Solihull"]
[Date "2019.04.06"]
[Round "5"]
[White "Willetts, Graham J"]
[Black "Wager, John D"]
[Result "0-1"]
[WhiteElo "1969"]
[BlackElo "2007"]
[PlyCount "64"]
[EventDate "2019.04.04"]
[EventType "swiss"]
[EventRounds "6"]
[EventCountry "ENG"]
[SourceTitle "CBM 190 Extra"]
[Source "ChessBase"]
[SourceDate "2019.07.15"]
[SourceVersion "1"]
[SourceVersionDate "2019.07.15"]
[SourceQuality "1"]

1. d4 Nf6 2. Nc3 d5 3. e4 Nxe4 4. Nxe4 dxe4 5. Bc4 Nd7 6. Ne2 Nf6 7. c3 e6 8. 0-0 Bd7 9. Nf4 Bd6 10. f3 Qe7 11. fxe4 Nxe4 12. Qe2 f5 13. Qh5+ Qf7 14. Qxf7+ Kxf7 15. Nh3 g6 16. Bd3 Nf6 17. Bd2 h6 18. c4 c5 19. dxc5 Bxc5+ 20. Kh1 e5 21. Rae1 Rae8 22. b4 Bd4 23. Be3 Bxe3 24. Rxe3 f4 25. Ree1 Bxh3 26. gxh3 e4 27. Bc2 g5 28. Bb3 e3 29. c5+ Kg7 30. Bc2 Rd8 31. Re2 Rd4 32. b5 Rc8 0-1

[Event "Guernsey op 44th"]
[Site "Vale"]
[Date "2018.10.26"]
[Round "6"]
[White "Spanton, Timothy"]
[Black "Wager, John D"]
[Result "1/2-1/2"]
[WhiteElo "1923"]
[BlackElo "2029"]
[PlyCount "96"]
[EventDate "2018.10.21"]
[EventType "swiss"]
[EventRounds "7"]
[EventCountry "GCI"]
[SourceTitle "CBM 187 Extra"]
[Source "ChessBase"]
[SourceDate "2018.11.04"]
[SourceVersion "1"]
[SourceVersionDate "2018.11.04"]
[SourceQuality "1"]

1. e4 c5 2. Nf3 Nc6 3. Bb5 g6 4. c3 Nf6 5. Qe2 a6 6. Ba4 Bg7 7. d4 b5 8. Bc2 cxd4 9. cxd4 d5 10. e5 Ng4 11. 0-0 0-0 12. Nbd2 Nh6 13. h3 a5 14. Nb3 Qb6 15. Be3 Nf5 16. g4 Nxe3 17. fxe3 a4 18. Nbd2 Nb4 19. Rfc1 Nxc2 20. Rxc2 Bd7 21. Rc5 Rac8 22. Rac1 Rxc5 23. Rxc5 Rc8 24. Rxc8+ Bxc8 25. Qd3 Qc6 26. Qc3 Qxc3 27. bxc3 h5 28. gxh5 gxh5 29. h4 Bf5 30. Kf2 e6 31. Ng5 f6 32. exf6 Bxf6 33. e4 Bxg5 34. hxg5 Bxe4 35. Kg3 Kg7 36. a3 Kg6 37. Kf4 h4 38. Kg4 h3 39. Kxh3 Kxg5 40. Kg3 Kf5 41. Nf1 Bd3 42. Nd2 e5 43. dxe5 Kxe5 44. Kf2 Kf4 45. Nf3 Bc4 46. Nd2 Bd3 47. Nf3 Bc2 48. Nd4 Bd3 1/2-1/2

[Event "BCF-ch Seniors 50"]
[Site "Hull"]
[Date "2018.08.03"]
[Round "6"]
[White "Wager, John D"]
[Black "Chapman, Terry PD"]
[Result "0-1"]
[WhiteElo "2045"]
[BlackElo "2200"]
[PlyCount "82"]
[EventDate "2018.07.29"]
[EventType "swiss"]
[EventRounds "7"]
[EventCountry "ENG"]
[SourceTitle "CBM 185 Extra"]
[Source "ChessBase"]
[SourceDate "2018.07.29"]
[SourceVersion "1"]
[SourceVersionDate "2018.07.29"]
[SourceQuality "1"]

1. d4 d6 2. c4 g6 3. Nc3 Bg7 4. Nf3 Nc6 5. d5 Ne5 6. Nd4 c5 7. dxc6 bxc6 8. e4 c5 9. Nc2 Nf6 10. Be2 0-0 11. 0-0 Bb7 12. f4 Nc6 13. Be3 Nd7 14. Qd2 Nb4 15. Bf3 Nxc2 16. Qxc2 Qa5 17. Bd2 Qb6 18. b3 e6 19. Rad1 Nb8 20. Ne2 Nc6 21. Be3 Nd4 22. Nxd4 cxd4 23. Bf2 e5 24. Qd3 Rae8 25. Rfe1 Bc6 26. f5 Qb7 27. g4 Bh6 28. h4 Bf4 29. Kg2 f6 30. Bg3 Bxg3 31. Kxg3 Re7 32. Kf2 Rg7 33. Rg1 Kh8 34. Rde1 Re8 35. Qb1 Qb4 36. Qc2 Qb7 37. Qb1 gxf5 38. gxf5 Reg8 39. Rxg7 Qxg7 40. Rg1 Qh6 41. Rxg8+ Kxg8 0-1

[Event "Guernsey op 42nd"]
[Site "Vale"]
[Date "2016.10.16"]
[Round "1"]
[White "Downey, Keith"]
[Black "Wager, John D"]
[Result "0-1"]
[WhiteElo "1829"]
[BlackElo "2027"]
[PlyCount "81"]
[EventDate "2016.10.16"]
[EventType "swiss"]
[EventRounds "7"]
[EventCountry "GCI"]
[SourceTitle "CBM 175 Extra"]
[Source "ChessBase"]
[SourceDate "2016.12.12"]
[SourceVersion "1"]
[SourceVersionDate "2016.12.12"]
[SourceQuality "1"]

1. Nf3 d5 2. d4 Nf6 3. c4 c6 4. Qc2 e6 5. g3 Nbd7 6. Bg2 Be7 7. 0-0 0-0 8. Bf4 Ne4 9. Nc3 f5 10. c5 g5 11. Bd2 Bf6 12. e3 h5 13. Ne1 g4 14. Nd3 e5 15. dxe5 Nxe5 16. Nxe5 Bxe5 17. Ne2 Qf6 18. Rab1 Be6 19. a3 Rad8 20. Ba5 Rd7 21. Rfd1 Rh7 22. Nf4 h4 23. Be1 hxg3 24. fxg3 Qh6 25. Bxe4 fxe4 26. Qg2 Qf6 27. Rd2 Bxf4 28. gxf4 g3 29. Bxg3 Bg4 30. Kf2 Kf7 31. Ke1 Bf3 32. Qf2 Rg8 33. Rc2 Rh3 34. Rbc1 Qh8 35. Qg1 Rgxg3 36. hxg3 Rh1 37. Qxh1 Qxh1+ 38. Kd2 Qg2+ 39. Kc3 Qxg3 40. b4 Bg4 41. Kd2 0-1

[Event "GBR-ch 103rd"]
[Site "Bournemouth"]
[Date "2016.08.05"]
[Round "11"]
[White "Lyell, Mark"]
[Black "Wager, John D"]
[Result "1-0"]
[WhiteElo "2238"]
[BlackElo "2053"]
[PlyCount "83"]
[EventDate "2016.07.25"]
[EventType "swiss"]
[EventRounds "11"]
[EventCountry "ENG"]
[SourceTitle "CBM 173 Extra"]
[Source "ChessBase"]
[SourceDate "2016.08.29"]
[SourceVersion "1"]
[SourceVersionDate "2016.08.29"]
[SourceQuality "1"]

1. e4 b6 2. d4 Bb7 3. Bd3 e6 4. Nf3 Nf6 5. e5 Nd5 6. 0-0 c5 7. dxc5 Bxc5 8. a3 Nc6 9. c4 Nc7 10. b4 Be7 11. Nbd2 0-0 12. Qc2 h6 13. Ne4 Ne8 14. Bb2 Rc8 15. Rad1 Qc7 16. Qe2 f5 17. exf6 gxf6 18. Qe3 Kg7 19. Ng3 Rh8 20. Bb1 Bd6 21. Nh5+ Kf7 22. Qd3 Ne7 23. Nd2 Bxh2+ 24. Kh1 Be5 25. Bxe5 Qxe5 26. Ng3 h5 27. Rfe1 Qc7 28. Nge4 h4 29. Re3 f5 30. Ng5+ Kf6 31. Qc3+ e5 32. f4 d6 33. fxe5+ Kxg5 34. exd6 Nxd6 35. Re6 Bxg2+ 36. Kxg2 Rcg8 37. Kf2 Ng6 38. Rg1+ Kh6 39. Rexg6+ Kh7 40. Rxg8 Rxg8 41. Rxg8 Kxg8 42. Qf3 1-0

[Event "GBR-ch 103rd"]
[Site "Bournemouth"]
[Date "2016.07.30"]
[Round "6"]
[White "Wager, John D"]
[Black "Golding, Alex"]
[Result "1-0"]
[WhiteElo "2053"]
[BlackElo "1961"]
[PlyCount "114"]
[EventDate "2016.07.25"]
[EventType "swiss"]
[EventRounds "11"]
[EventCountry "ENG"]
[SourceTitle "CBM 173 Extra"]
[Source "ChessBase"]
[SourceDate "2016.08.29"]
[SourceVersion "1"]
[SourceVersionDate "2016.08.29"]
[SourceQuality "1"]

1. e4 c5 2. Nc3 Nc6 3. g3 g6 4. Bg2 Bg7 5. f4 d6 6. d3 Rb8 7. a4 a6 8. Nf3 e6 9. 0-0 Nge7 10. Ne2 0-0 11. c3 d5 12. Be3 b6 13. e5 Qd7 14. d4 c4 15. g4 b5 16. axb5 Rxb5 17. Bc1 Na5 18. Nd2 Qa7 19. Kh1 Bd7 20. Ng3 Qc7 21. h4 f6 22. exf6 Rxf6 23. Qf3 Rf7 24. Qe3 Rb8 25. Ne2 Rbf8 26. Nf3 Nb3 27. Rb1 Nc6 28. Ng5 Rf6 29. Bd2 h6 30. Nh3 Nxd2 31. Qxd2 Na5 32. Rf2 Qd6 33. Rbf1 Nb3 34. Qe3 R6f7 35. Ng3 Qe7 36. h5 Qh4 37. hxg6 Rf6 38. f5 exf5 39. Nxf5 Bxf5 40. Rxf5 Rxf5 41. Rxf5 Qd8 42. Qe6+ Kh8 43. Rxf8+ Qxf8 44. Qf7 Nd2 45. Qxf8+ Bxf8 46. Bxd5 Kg7 47. Bf7 Bd6 48. Kg2 a5 49. Kf2 Ne4+ 50. Ke3 Ng5 51. Nxg5 hxg5 52. Ke4 Bf4 53. Bxc4 Kxg6 54. b3 Kf6 55. Bb5 Ke6 56. c4 Kd6 57. d5 Kc7 1-0

[Event "Guernsey op 41st"]
[Site "Vale"]
[Date "2015.10.24"]
[Round "7"]
[White "Wager, John D"]
[Black "Downey, Keith"]
[Result "1-0"]
[WhiteElo "2029"]
[BlackElo "1869"]
[PlyCount "89"]
[EventDate "2015.10.18"]
[EventType "swiss"]
[EventRounds "7"]
[EventCountry "GCI"]
[SourceTitle "EXT 2017"]
[Source "ChessBase"]
[SourceDate "2016.10.25"]
[SourceVersion "1"]
[SourceVersionDate "2016.10.25"]
[SourceQuality "1"]

1. d4 Nf6 2. Nf3 e6 3. e3 c5 4. Bd3 b6 5. 0-0 Bb7 6. c4 Be7 7. Nc3 d6 8. d5 exd5 9. cxd5 0-0 10. e4 a6 11. a4 Nbd7 12. Bf4 Nh5 13. Be3 Nhf6 14. Nd2 Ne5 15. Be2 Qd7 16. h3 Rae8 17. f4 Ng6 18. Bd3 Bd8 19. Qf3 h6 20. Rae1 Nh7 21. g4 Bf6 22. Ndb1 Re7 23. Qe2 Qc8 24. Qc2 Rd8 25. Nd2 Nhf8 26. Nc4 Qc7 27. Qb3 Bxc3 28. bxc3 Nd7 29. Bd2 Ree8 30. Ne3 Rf8 31. c4 Nh8 32. Nf5 Rde8 33. Bc3 f6 34. Qb2 Bc8 35. Re3 Nf7 36. Rg3 Nb8 37. Nxg7 Kxg7 38. g5 Ne5 39. gxf6+ Kh8 40. fxe5 dxe5 41. Kh2 Qd6 42. Rg6 Kh7 43. Qg2 Rg8 44. Rg7+ Kh8 45. Qg6 1-0

[Event "GBR-ch 102nd"]
[Site "Coventry"]
[Date "2015.08.06"]
[Round "10"]
[White "Wager, John D"]
[Black "Myall, Ivan J"]
[Result "0-1"]
[WhiteElo "2117"]
[BlackElo "2048"]
[PlyCount "70"]
[EventDate "2015.07.27"]
[EventType "swiss"]
[EventRounds "11"]
[EventCountry "ENG"]
[SourceTitle "CBM 167 Extra"]
[Source "ChessBase"]
[SourceDate "2015.09.14"]
[SourceVersion "1"]
[SourceVersionDate "2015.09.14"]
[SourceQuality "1"]

1. d4 Nf6 2. Nf3 d5 3. e3 c6 4. b3 Bg4 5. Be2 e6 6. 0-0 Bd6 7. c4 Qe7 8. Bb2 Bxf3 9. Bxf3 0-0 10. Nc3 Nbd7 11. Re1 Rad8 12. Qc2 dxc4 13. bxc4 e5 14. g3 Rfe8 15. Re2 e4 16. Bg2 Qe6 17. Qb3 b6 18. a4 Qf5 19. a5 h5 20. axb6 axb6 21. Ba3 Bb8 22. Rea2 h4 23. Qc2 hxg3 24. hxg3 Qh7 25. Bb2 b5 26. cxb5 cxb5 27. Nxb5 Ng4 28. Qe2 Qh2+ 29. Kf1 Ndf6 30. Nc3 Bxg3 31. fxg3 Qxg3 32. Bc1 Nh2+ 33. Kg1 Nfg4 34. Kh1 Nf3 35. Bxf3 exf3 0-1

[Event "GBR-ch 102nd"]
[Site "Coventry"]
[Date "2015.08.04"]
[Round "8"]
[White "Wager, John D"]
[Black "Young, Daniel"]
[Result "1-0"]
[WhiteElo "2117"]
[BlackElo "1807"]
[PlyCount "93"]
[EventDate "2015.07.27"]
[EventType "swiss"]
[EventRounds "11"]
[EventCountry "ENG"]
[SourceTitle "CBM 167 Extra"]
[Source "ChessBase"]
[SourceDate "2015.09.14"]
[SourceVersion "1"]
[SourceVersionDate "2015.09.14"]
[SourceQuality "1"]

1. d4 Nf6 2. Nf3 g6 3. c4 Bg7 4. Nc3 0-0 5. Bg5 d6 6. e3 h6 7. Bh4 c5 8. d5 g5 9. Bg3 Nh5 10. Nd2 Nxg3 11. hxg3 f5 12. Bd3 e5 13. e4 f4 14. g4 Na6 15. f3 Bd7 16. a3 Nc7 17. b4 b6 18. Ke2 Qe7 19. Bc2 Rab8 20. Ba4 b5 21. Bb3 bxc4 22. Bxc4 cxb4 23. axb4 Nb5 24. Nxb5 Bxb5 25. Bxb5 Rxb5 26. Qa4 Rb7 27. Rhc1 Rfb8 28. Rc6 Rxb4 29. Qxa7 R4b7 30. Qa3 Bf8 31. Rac1 Qf6 32. Rc7 Rxc7 33. Rxc7 Rd8 34. Qa7 Qg6 35. Rd7 Rc8 36. Qb7 Rc5 37. Rd8 Qf6 38. Qb8 Rc2 39. Kd3 Ra2 40. Nc4 Ra6 41. Nb6 Rxb6 42. Qxb6 Kg7 43. Rd7+ Be7 44. Qd8 Kf7 45. Kc4 h5 46. gxh5 g4 47. fxg4 1-0

[Event "GBR-ch 102nd"]
[Site "Coventry"]
[Date "2015.07.29"]
[Round "3"]
[White "Lentzos, Ioanis"]
[Black "Wager, John D"]
[Result "1/2-1/2"]
[WhiteElo "2019"]
[BlackElo "2117"]
[PlyCount "133"]
[EventDate "2015.07.27"]
[EventType "swiss"]
[EventRounds "11"]
[EventCountry "ENG"]
[SourceTitle "CBM 167 Extra"]
[Source "ChessBase"]
[SourceDate "2015.09.14"]
[SourceVersion "1"]
[SourceVersionDate "2015.09.14"]
[SourceQuality "1"]

1. e4 Nc6 2. Nf3 d6 3. d4 Nf6 4. Nc3 Bg4 5. Be3 e6 6. h3 Bh5 7. Bd3 d5 8. e5 Nd7 9. a3 Be7 10. g4 Bg6 11. h4 Bxd3 12. Qxd3 Na5 13. b3 c5 14. dxc5 Nc6 15. Ke2 Nxc5 16. Bxc5 Bxc5 17. Qb5 Qb6 18. Rhf1 Qxb5+ 19. Nxb5 0-0 20. b4 Bb6 21. Rad1 a6 22. Nd6 Rab8 23. c4 Ne7 24. c5 Bc7 25. Nd4 Nc6 26. f4 Nxd4+ 27. Rxd4 b6 28. c6 Rfd8 29. Nb7 Rdc8 30. Rc1 f6 31. Nd6 Rd8 32. b5 fxe5 33. fxe5 a5 34. Rd3 Bxd6 35. exd6 Rxd6 36. c7 Rc8 37. Rdc3 e5 38. Rc6 Rxc6 39. Rxc6 Kf7 40. a4 Ke7 41. g5 Kd7 42. Rxb6 Kxc7 43. Ra6 Kb7 44. Rxa5 d4 45. Ra6 Rc2+ 46. Kd1 d3 47. Re6 Re2 48. a5 e4 49. Re7+ Kc8 50. a6 e3 51. a7 Ra2 52. Rxe3 Rxa7 53. Re4 Rd7 54. Kd2 Kc7 55. Re6 Kb7 56. Re3 Kb6 57. Rxd3 Rxd3+ 58. Kxd3 Kxb5 59. Kd4 Kc6 60. Ke5 Kd7 61. Kf5 Ke7 62. h5 Kf7 63. g6+ hxg6+ 64. hxg6+ Ke7 65. Ke5 Kd7 66. Kd5 Ke7 67. Ke5 1/2-1/2